| 000 | 00391nam a2200169Ia 4500 | ||
|---|---|---|---|
| 008 | 170705s9999 xx 000 0 und d | ||
| 020 | _a9780439698962 | ||
| 245 | 4 | _aThe elevator family / | |
| 245 | _cDouglas Evans. | ||
| 260 | _aNew York : | ||
| 260 | _bScholastic, | ||
| 260 | _c2000 | ||
| 300 | _a87 pages : | ||
| 300 | _bcolor illustration ; | ||
| 300 | _c19cm. | ||
| 500 | _a520 | ||
| 999 |
_c335966 _d335966 |
||